00605nam a2200181Ia 4500082002300000100001500023245008500038260004300123300001000166504001900176650005000195650002800245650002100273650002400294650004400318650002900362650003200391 a305.80095475 SHA-; aShah, P.G. 0aTribal life in Gujarat: an analytical study of the cultural changes with special aBombaybGujarat Research Societyc1964 a344p. aIncludes Index aGujarat - Ethnic relations - Economic aspects aDhanka tribes - Gujarat aTribes - Gujarat aEthnology - Gujarat aDhanka tribes - Social life and customs aDhanka tribes - Folklore aGujarat - Social conditions